La memoria como acción social: relaciones significados e imaginario

Salvato in:
Dettagli Bibliografici
Autore principale: Vázquez Sixto, Félix (Autore)
Natura: Libro
Lingua:spagnolo
Pubblicazione: Barcelona Paidós 2001
Serie:Temas de Psicología, 10
Soggetti:
Tags: Aggiungi Tag
Nessun Tag, puoi essere il primo ad aggiungerne!!

MARC

LEADER 00000nam a2200000 a 4500
001 UCH2050
003 CL-VaPUC
008 090528e20010000SP |||||||||||||||||spa|d
020 |a 8449310199 
082 0 4 |a 155.3  |b VAZ  |2 21 
100 0 |a Vázquez Sixto, Félix  |e author  |9 536692 
245 1 3 |a La memoria como acción social: relaciones significados e imaginario 
300 |a 183 p 
942 |c BK 
945 |d 20090528 00:00:00  |a rbrito 
260 |a Barcelona  |b Paidós  |c 2001 
650 0 |a Memoria  |9 266549 
650 0 |a Inteligencia  |9 267038 
650 0 |a Acción social  |9 307836 
650 0 |a Psicología cognitiva   |9 306250 
583 |a last modification  |c 20090528 00:00:00  |k Rodrigo Vera 
490 0 |a Temas de Psicología, 10 
999 |c 333903  |d 333901 
952 |0 0  |1 0  |4 0  |6 155_300000000000000_VAZ_2001  |7 0  |8 A  |9 422559  |a BIBEDU  |b BIBEDU  |d 2019-11-22  |i 4552342  |o 155.3 VAZ 2001  |p 4552342  |r 2019-11-22  |w 2019-11-22  |y BK  |k PSI